<?xml version="1.0" encoding="UTF-8"?>
<record
    xmlns:xsi="http://www.w3.org/2001/XMLSchema-instance"
    xsi:schemaLocation="http://www.loc.gov/MARC21/slim http://www.loc.gov/standards/marcxml/schema/MARC21slim.xsd"
    xmlns="http://www.loc.gov/MARC21/slim">

  <leader>01934nam a22002537a 4500</leader>
  <controlfield tag="003">NALT</controlfield>
  <controlfield tag="005">20250707102038.0</controlfield>
  <controlfield tag="008">220211b        th ||||| |||| 00| 0 tha d</controlfield>
  <datafield tag="020" ind1=" " ind2=" ">
    <subfield code="a">9786164710016</subfield>
  </datafield>
  <datafield tag="040" ind1=" " ind2=" ">
    <subfield code="a">NALT</subfield>
  </datafield>
  <datafield tag="041" ind1="0" ind2=" ">
    <subfield code="a">&#xE44;&#xE17;&#xE22;</subfield>
  </datafield>
  <datafield tag="050" ind1=" " ind2=" ">
    <subfield code="a">DF 728</subfield>
    <subfield code="b">&#xE04;639&#xE01; 2562</subfield>
  </datafield>
  <datafield tag="100" ind1="0" ind2=" ">
    <subfield code="9">16853</subfield>
    <subfield code="a">&#xE04;&#xE38;&#xE13;&#xE32;&#xE01;&#xE23; &#xE27;&#xE32;&#xE13;&#xE34;&#xE0A;&#xE22;&#xE4C;&#xE27;&#xE34;&#xE23;&#xE38;&#xE2C;&#xE2B;&#xE4C;</subfield>
  </datafield>
  <datafield tag="245" ind1="1" ind2="0">
    <subfield code="a">Greece :</subfield>
    <subfield code="b">in search of the timeless beauty /</subfield>
    <subfield code="c">&#xE04;&#xE38;&#xE13;&#xE32;&#xE01;&#xE23; &#xE27;&#xE32;&#xE13;&#xE34;&#xE0A;&#xE22;&#xE4C;&#xE27;&#xE34;&#xE23;&#xE38;&#xE2C;&#xE2B;&#xE4C; &#xE41;&#xE25;&#xE30;&#xE1E;&#xE32;&#xE1D;&#xE31;&#xE19; &#xE28;&#xE38;&#xE20;&#xE27;&#xE32;&#xE19;&#xE34;&#xE0A;.</subfield>
  </datafield>
  <datafield tag="246" ind1=" " ind2="4">
    <subfield code="a">&#xE01;&#xE23;&#xE35;&#xE0B; :</subfield>
    <subfield code="b">&#xE15;&#xE32;&#xE21;&#xE2B;&#xE32;&#xE04;&#xE27;&#xE32;&#xE21;&#xE07;&#xE32;&#xE21;&#xE02;&#xE49;&#xE32;&#xE21;&#xE01;&#xE32;&#xE25;&#xE40;&#xE27;&#xE25;&#xE32;.</subfield>
  </datafield>
  <datafield tag="260" ind1=" " ind2=" ">
    <subfield code="a">&#xE01;&#xE23;&#xE38;&#xE07;&#xE40;&#xE17;&#xE1E;&#xE2F; : </subfield>
    <subfield code="b">&#xE2D;&#xE21;&#xE23;&#xE34;&#xE19;&#xE17;&#xE23;&#xE4C; &#xE1A;&#xE38;&#xE4A;&#xE04; &#xE40;&#xE0B;&#xE47;&#xE19;&#xE40;&#xE15;&#xE2D;&#xE23;&#xE4C;, </subfield>
    <subfield code="c">2561.</subfield>
  </datafield>
  <datafield tag="300" ind1=" " ind2=" ">
    <subfield code="a">175 &#xE2B;&#xE19;&#xE49;&#xE32; :</subfield>
    <subfield code="b">&#xE20;&#xE32;&#xE1E;&#xE1B;&#xE23;&#xE30;&#xE01;&#xE2D;&#xE1A; ;</subfield>
    <subfield code="c">21 &#xE0B;&#xE21;.</subfield>
  </datafield>
  <datafield tag="505" ind1=" " ind2=" ">
    <subfield code="a">&#xE01;&#xE23;&#xE35;&#xE0B; &#xE15;&#xE32;&#xE21;&#xE2B;&#xE32;&#xE04;&#xE27;&#xE32;&#xE21;&#xE07;&#xE32;&#xE21;&#xE02;&#xE49;&#xE32;&#xE21;&#xE01;&#xE32;&#xE25;&#xE40;&#xE27;&#xE25;&#xE32; -- 10 &#xE44;&#xE2E;&#xE44;&#xE25;&#xE15;&#xE4C;&#xE02;&#xE2D;&#xE07;&#xE01;&#xE32;&#xE23;&#xE17;&#xE48;&#xE2D;&#xE07;&#xE40;&#xE17;&#xE35;&#xE48;&#xE22;&#xE27;&#xE43;&#xE19;&#xE01;&#xE23;&#xE35;&#xE0B; -- &#xE20;&#xE39;&#xE21;&#xE34;&#xE2B;&#xE25;&#xE31;&#xE07;&#xE09;&#xE1A;&#xE31;&#xE1A;&#xE22;&#xE48;&#xE19;&#xE22;&#xE48;&#xE2D; -- Athens : &#xE40;&#xE2A;&#xE19;&#xE48;&#xE2B;&#xE4C;&#xE2D;&#xE14;&#xE35;&#xE15;&#xE41;&#xE25;&#xE30;&#xE2A;&#xE35;&#xE2A;&#xE31;&#xE19;&#xE02;&#xE2D;&#xE07;&#xE1B;&#xE31;&#xE08;&#xE08;&#xE38;&#xE1A;&#xE31;&#xE19; -- Northern Greece : &#xE08;&#xE32;&#xE23;&#xE34;&#xE01;&#xE14;&#xE34;&#xE19;&#xE41;&#xE14;&#xE19;&#xE28;&#xE31;&#xE01;&#xE14;&#xE34;&#xE4C;&#xE2A;&#xE34;&#xE17;&#xE18;&#xE34;&#xE4C;&#xE41;&#xE25;&#xE30;&#xE42;&#xE25;&#xE02;&#xE2D;&#xE07;&#xE21;&#xE2B;&#xE32;&#xE23;&#xE32;&#xE0A; -- Western Greece : &#xE2A;&#xE33;&#xE23;&#xE27;&#xE08;&#xE20;&#xE39;&#xE21;&#xE34;&#xE17;&#xE31;&#xE28;&#xE19;&#xE4C;&#xE41;&#xE25;&#xE30;&#xE1C;&#xE37;&#xE19;&#xE19;&#xE49;&#xE33;&#xE41;&#xE2B;&#xE48;&#xE07;&#xE15;&#xE33;&#xE19;&#xE32;&#xE19; -- Southern Greece : &#xE14;&#xE37;&#xE48;&#xE21;&#xE14;&#xE48;&#xE33;&#xE1A;&#xE19;&#xE40;&#xE01;&#xE32;&#xE30;&#xE2A;&#xE27;&#xE23;&#xE23;&#xE04;&#xE4C;&#xE41;&#xE2B;&#xE48;&#xE07;&#xE17;&#xE30;&#xE40;&#xE25;&#xE2D;&#xE35;&#xE40;&#xE08;&#xE35;&#xE22;&#xE19; -- Greece Travel Mate</subfield>
  </datafield>
  <datafield tag="651" ind1=" " ind2="4">
    <subfield code="9">6417</subfield>
    <subfield code="a">&#xE01;&#xE23;&#xE35;&#xE0B;</subfield>
    <subfield code="x">&#xE20;&#xE39;&#xE21;&#xE34;&#xE1B;&#xE23;&#xE30;&#xE40;&#xE17;&#xE28;&#xE41;&#xE25;&#xE30;&#xE01;&#xE32;&#xE23;&#xE17;&#xE48;&#xE2D;&#xE07;&#xE40;&#xE17;&#xE35;&#xE48;&#xE22;&#xE27;</subfield>
  </datafield>
  <datafield tag="700" ind1="0" ind2=" ">
    <subfield code="9">52353</subfield>
    <subfield code="a">&#xE1E;&#xE32;&#xE1D;&#xE31;&#xE19; &#xE28;&#xE38;&#xE20;&#xE27;&#xE32;&#xE19;&#xE34;&#xE0A;</subfield>
  </datafield>
  <datafield tag="850" ind1=" " ind2=" ">
    <subfield code="a">NALT</subfield>
  </datafield>
  <datafield tag="942" ind1=" " ind2=" ">
    <subfield code="2">lcc</subfield>
    <subfield code="c">GB</subfield>
  </datafield>
  <datafield tag="998" ind1=" " ind2=" ">
    <subfield code="a">&#xE2A;&#xE21;&#xE43;&#xE08;</subfield>
    <subfield code="j">111</subfield>
    <subfield code="k"> &#xE19;&#xE32;&#xE07;&#xE2A;&#xE32;&#xE27;&#xE1E;&#xE08;&#xE1E;&#xE34;&#xE13;  &#xE1E;&#xE23;&#xE21;&#xE40;&#xE2D;&#xE35;&#xE48;&#xE22;&#xE21;</subfield>
  </datafield>
  <datafield tag="999" ind1=" " ind2=" ">
    <subfield code="c">99561</subfield>
    <subfield code="d">99561</subfield>
  </datafield>
  <datafield tag="952" ind1=" " ind2=" ">
    <subfield code="0">0</subfield>
    <subfield code="1">0</subfield>
    <subfield code="2">lcc</subfield>
    <subfield code="4">0</subfield>
    <subfield code="7">0</subfield>
    <subfield code="8">CSEN</subfield>
    <subfield code="a">NALT</subfield>
    <subfield code="b">NALT</subfield>
    <subfield code="c">GEN</subfield>
    <subfield code="d">2022-02-11</subfield>
    <subfield code="l">2</subfield>
    <subfield code="m">1</subfield>
    <subfield code="o">DF 728 &#xE04;639&#xE01; 2562</subfield>
    <subfield code="p">0100010119001</subfield>
    <subfield code="r">2025-07-25 00:00:00</subfield>
    <subfield code="s">2025-07-07</subfield>
    <subfield code="w">2022-02-11</subfield>
    <subfield code="y">GB</subfield>
  </datafield>
</record>
